[Event "Edmonton Northern Alberta op"]
[Site "Edmonton"]
[Date "2014.02.15"]
[Round "3.10"]
[White "Porter, Patrick"]
[Black "Koperski, Dustin"]
[Result "1-0"]
[WhiteElo "1890"]
[BlackElo "1232"]
[PlyCount "65"]
[EventDate "2014.02.15"]
[EventType "swiss"]
[EventRounds "5"]
[EventCountry "CAN"]
[SourceTitle "EXT 2022"]
[Source "ChessBase"]
[SourceDate "2021.10.06"]
[SourceVersion "1"]
[SourceVersionDate "2021.10.06"]
[SourceQuality "1"]

1. e4 e5 2. Nf3 Nc6 3. Bb5 a6 4. Ba4 Nf6 5. Qe2 Be7 6. c3 d6 7. 0-0 b5 8. Bb3 0-0 9. d4 Bg4 10. Rd1 Re8 11. d5 Na5 12. Bc2 h6 13. Nbd2 Bf8 14. Nf1 c6 15. dxc6 Nxc6 16. h3 Bh5 17. Ng3 Bg6 18. Nh4 Nh5 19. Ngf5 Bxf5 20. Nxf5 Nf6 21. Qd3 Qc7 22. Qg3 Kh8 23. Qh4 Nh7 24. Bb3 Rad8 25. Rd3 Ne7 26. Ne3 Ng6 27. Nd5 Qd7 28. Qh5 Nf6 29. Nxf6 gxf6 30. Bxh6 Bxh6 31. Qxh6+ Kg8 32. Qxg6+ Kf8 33. Qh7 1-0